| Tag |
First Indicator |
Second Indicator |
Subfields |
| LEADER |
00000cam a2200000 a 4500 |
| 001 |
in00000009384 |
| 005 |
20151007051532.0 |
| 007 |
he amb||||||| |
| 008 |
880322r19801980miu bb 00010 eng d |
| 035 |
|
|
|a (OCoLC)17660093
|
| 035 |
|
|
|9 AAA3469AM
|
| 040 |
|
|
|a TXA
|c TXA
|d UtOrBLW
|
| 043 |
|
|
|a n-us-tx
|
| 049 |
|
|
|a TXAI
|
| 099 |
|
|
|a fiche
|a C
|a 6762
|
| 100 |
1 |
|
|a Walker, Richard Paul.
|
| 245 |
1 |
0 |
|a Prisoners of war in Texas during World War II /
|c by Richard Paul Walker.
|
| 264 |
|
1 |
|a [Place of publication not identified] :
|b [publisher not identified] ;
|c 1980.
|
| 300 |
|
|
|a vi, 410 leaves.
|
| 336 |
|
|
|a text
|b txt
|2 rdacontent
|
| 337 |
|
|
|a microform
|b h
|2 rdamedia
|
| 338 |
|
|
|a microfiche
|b he
|2 rdacarrier
|
| 502 |
|
|
|b Ph. D.
|c North Texas State University
|d 1980.
|
| 504 |
|
|
|a Bibliography: leaves 404-410.
|
| 533 |
|
|
|a Microfiche.
|b Ann Arbor, Mich. :
|c University Microfilms International,
|d 1980.
|e 5 microfiches ; 11 x 15 cm.
|
| 500 |
|
|
|a Microform.
|
| 650 |
|
0 |
|a World War, 1939-1945
|x Prisoners and prisons, American.
|
| 650 |
|
0 |
|a Prisoners of war
|z Texas.
|
| 650 |
|
0 |
|a Prisoners of war
|z Germany.
|
| 650 |
|
0 |
|a Prisoners of war
|z Japan.
|
| 999 |
|
|
|a MARS
|
| 999 |
f |
f |
|s f720acbe-6731-349b-b590-3cfd604c2ed9
|i e0b8aa10-6dd5-3dd8-9de1-af881adff336
|t 0
|
| 952 |
f |
f |
|p normal
|a Texas A&M University
|b College Station
|c Sterling C. Evans Library
|d Evans: Microforms (3rd floor)
|t 0
|e fiche C 6762
|h Other scheme
|i microform -- microfiche
|m A14823001909
|
| 998 |
f |
f |
|a fiche C 6762
|t 0
|l Evans: Microforms (3rd floor)
|